000 00977nam a2200265Ia 4500
003 OSt
005 20221005105553.0
006 a|||||r|||| 00| 0
007 ta
008 221004b |||||||| |||| 00| 0 hin d
020 _a9788183614269 (pbk)
_cIndian Rupees 75.00
024 _a27867
037 _bGift, 04/10/2016,
_cTextual
040 _aCRL
_cCRL
_bhin
041 _2hin
_ahin
082 _aO152,3:g, N5;Q0
100 _aचौधरी, सुरेंद्र
245 0 _aहिंदी कहानी प्रक्रिया और पाठ
246 _aHiandī kahānī prakriyā aur pāṭha
260 _aनई दिल्ली
_bराधाकृष्ण प्रकाशन भारत
_c2010
300 _a164पृ0
_ccm.
650 _aहिन्दी साहित्य
942 _hO152,3:g, N5;Q0
_cTEXL
_2cc
999 _c1016201
_d1016201